|
|
|
|
| LEADER |
00000nkm a2200000 a 4500 |
| 001 |
vtls010757338 |
| 003 |
SK-MaSNL |
| 005 |
20260512124534.0 |
| 007 |
kp bo |
| 008 |
230706q1930 xo g 00 kuslo |
| 015 |
|
|
|a SNBG1930
|
| 035 |
|
|
|a urn:nbn:sk:snk-km00e9e0
|
| 035 |
|
|
|a urn:nbn:sk:snk-km43hs6
|
| 035 |
|
|
|a 46EA3C94-AC23-4B35-804F-8BB5D58E5003
|
| 040 |
|
|
|a SNK
|b slo
|c SNK
|e AACR2
|
| 041 |
0 |
|
|a slo
|
| 043 |
|
|
|a e-xo---
|
| 044 |
|
|
|a xo
|c SK
|
| 080 |
|
|
|a (084.121)
|2 2001
|
| 080 |
|
|
|a 711.455:615.838
|2 2001
|
| 080 |
|
|
|a 913(437.6)
|2 2001
|
| 245 |
0 |
0 |
|a [Trenčianske Teplice?]
|h grafika
|
| 260 |
|
|
|a [Slovensko?]
|b [vydavateľ neznámy]
|c [1930?]
|
| 300 |
|
|
|a 1 pohľadnica
|b čiernobiela
|c 9 x 14 cm
|
| 520 |
8 |
|
|a Zobrazenie: pohľad na jeden z kúpeľných domov (sanatórium)
|
| 610 |
2 |
7 |
|a Slovenské liečebné kúpele (Trenčianske Teplice, Slovensko)
|2 SNKKA
|9 101072
|
| 650 |
0 |
7 |
|a kúpele
|2 SNKPH
|9 1139
|
| 651 |
|
7 |
|a Trenčianske Teplice (Slovensko)
|2 SNKPH
|9 14503
|
| 655 |
|
7 |
|a miestne pohľadnice
|2 SNKPH
|9 70510
|
| 852 |
|
|
|a Slovenská národná knižnica
|
| 958 |
|
|
|a GBN
|
| 958 |
|
|
|a GC
|
| 958 |
|
|
|a ONDV
|
| 999 |
|
|
|c 929338
|d 931268
|
| 952 |
|
|
|a SNK
|b SNK
|y PREZ
|7 0
|p 17A1163601
|o snkSP 5617
|0 0
|1 0
|4 0
|d 2015-08-04
|f 1
|l 0
|r 2026-02-24 08:43:59
|w 2026-02-24
|